Shina and others v Elghanian and another (Record no. 62158)
[ view plain ]
| 000 -LEADER | |
|---|---|
| fixed length control field | 01604cam a2200217 4500 |
| 001 - CONTROL NUMBER | |
| control field | ABS61711 |
| 008 - FIXED-LENGTH DATA ELEMENTS--GENERAL INFORMATION | |
| fixed length control field | 000000n1999 000 0 eng u |
| 035 ## - SYSTEM CONTROL NUMBER | |
| System control number | (Sirsi) u103456 |
| 245 ## - TITLE STATEMENT | |
| Title | Shina and others v Elghanian and another |
| 260 ## - PUBLICATION, DISTRIBUTION, ETC. | |
| Date of publication, distribution, etc. | 1999 |
| 490 ## - SERIES STATEMENT | |
| Series statement | Estates Gazette |
| Volume/sequential designation | [1999] 48 EG 147-153(7) |
| 520 ## - SUMMARY, ETC. | |
| Summary, etc. | LT 31 March 1999. Shina owned the freehold of a residential property in London. In July 1990, the tenants (T) served their notice to buy the freehold under the Leasehold Reform Act 1967. T identified a number of tenants' improvements, including central heating, a fitted kitchen, a granny flat and external parking area. On 20 March 1998, the LVT set the price payable under the Leasehold Reform Act 1967 s9(1A) at £317,000 and landlord's costs at £3801.25. The landlord appealed, asking for a price of £381,000 with landlord's costs of £7,553.64 and sought interest on this price. "Held" Appeal allowed in part. The enfranchisement cost was set at £323,000 and a sum of £20,000 reflected the tenant's improvements. The term was valued at 6% and the reversion deferred at this rate. The reversion was valued at £390,000 and the marriage value was split at 50%. The landlord failed to prove that the costs determined by the LVT were wrong and interest was not awarded. |
| 590 ## - LOCAL NOTE (RLIN) | |
| Local note | ABS |
| 650 ## - SUBJECT ADDED ENTRY--TOPICAL TERM | |
| Topical term or geographic name entry element | LEASEHOLD ENFRANCHISEMENT |
| 650 ## - SUBJECT ADDED ENTRY--TOPICAL TERM | |
| Topical term or geographic name entry element | SHINA AND OTHERS V ELGHANIAN AND ANOTHER |
| 650 ## - SUBJECT ADDED ENTRY--TOPICAL TERM | |
| Topical term or geographic name entry element | LEASEHOLD REFORM ACT 1967 S9(1A) |
| 650 ## - SUBJECT ADDED ENTRY--TOPICAL TERM | |
| Topical term or geographic name entry element | IMPROVEMENTS |
| 650 ## - SUBJECT ADDED ENTRY--TOPICAL TERM | |
| Topical term or geographic name entry element | DETERMINATION OF PRICE |
| 690 ## - LOCAL SUBJECT ADDED ENTRY--TOPICAL TERM (OCLC, RLIN) | |
| Topical term or geographic name as entry element | LANDLORD AND TENANT-LEASEHOLD REFORM-CASE LAW |
| 942 ## - ADDED ENTRY ELEMENTS (KOHA) | |
| Suppress in OPAC | 0 |
| Withdrawn status | Lost status | Source of classification or shelving scheme | Damaged status | Not for loan | Home library | Current library | Shelving location | Date acquired | Total Checkouts | Full call number | Barcode | Date last seen | Copy number | Price effective from | Koha item type |
|---|---|---|---|---|---|---|---|---|---|---|---|---|---|---|---|
| Dewey Decimal Classification | London | London | Journal article | 10/01/2000 | ABS61711 | 103456-1001 | 06/08/2019 | 1 | 06/08/2019 | Law report |